00902cam a22002531a 450000100060000000300080000600500170001400800410003103500190007203500180009104000350010904100080014408200190015210000580017124500460022926000410027530000330031650400530034965000390040265000310044194200120047299900170048495201470050121498BD-RjUL20211209000707.0140304s1953 nyu b 001 0 eng d a(BD-RjUL)21562 a(OCoLC)318000 aDLCcODaWUdPPiUdBD-RjULbeng aeng a420bCOR 19531 aConnolly, Francis X.q(Francis Xavier),d1909-96639912aA rhetoric case book /cFrancis Connolly. aNew York :bHarcourt Brace,cc1953. axiv, 735, xxxii p. ;c22 cm. aIncludes bibliographical references and indexes. 0aEnglish languagexRhetoric.966400 0aLiterature, Modern.966401 2ddccBK c21498d21498 00102ddc40728NFICaRUCLbRUCLcReadingd1965-06-10eProvince Book Depot.g0.00l0o420 COR 1953r2014-03-04 00:00:00tC-1w2014-03-04yBK